00454 a2200145 450000500170000002000220001708200140003910000170005324500530007025000120012326000410013530000440017670000180022085600700023820250602164011.0 a978-81-259-2342-8 a658.3 PYL aPYLEE, M. V. aIndustrial Relations and Personnel Management. a2nd Ed. aNew Delhi,bVikas House LTD, c2007. axiii, 271p.: bIndex & Referencesc21cm aGEORGE, A. S. yAccess Online BookfPersonnel Managementdwww.vikaspublishing.com